01215cam a2200385Mi 4500001001300000003000600013005001700019008004100036020001800077020001500095029002100110029002100131029002100152029002100173035002100194040002900215100002400244245002700268250001300295260005400308300002700362336003000389337005000419338002900469650004800498650006100546650004600607653001900653653002900672700002700701700002800728942001200756948004400768999001700812ocn880528795OCoLC20220315134529.0100713s2008 xx 000 0 ger d a9780226065663 a02260656690 aCHSTGb0002446540 aCHVBKb0373840821 aCHNEWb0006853791 aCHVBKb331629143 a(OCoLC)880528795 aCHVBKbgercCHVBKdOCLCQ1 aBooth, Wayne C.91014aThe Craft of Research. a3. Aufl. aChicgo :bThe University of Chicago Press,c2008. a317 Seiten :bDiagramm aTextbtxt2rdacontent/ger aohne Hilfsmittel zu benutzenbn2rdamedia/ger aBandbnc2rdacarrier/ger 7aSozialwissenschaftliche Forschung.2bvk911 7aWissenschaftliches Arbeiten.0(DE-588)4066571-92gnd912 7aMethodologie.0(DE-588)4139716-22gnd913 aLernstrategien aLern- und Arbeitstechnik1 aColomb, Gregory G.9141 aWilliams, Joseph M.915 2lcccBK hNO HOLDINGS IN GHUCC - 3 OTHER HOLDINGS c39989d39989